Rent restructuring changes ruled out (Record no. 71018)

MARC details
000 -LEADER
fixed length control field 00981cam a2200205 4500
001 - CONTROL NUMBER
control field WB3831-26
008 - FIXED-LENGTH DATA ELEMENTS--GENERAL INFORMATION
fixed length control field 020828n2002 000 0 eng u
035 ## - SYSTEM CONTROL NUMBER
System control number (Sirsi) u119446
245 ## - TITLE STATEMENT
Title Rent restructuring changes ruled out
260 ## - PUBLICATION, DISTRIBUTION, ETC.
Date of publication, distribution, etc. 2002
490 ## - SERIES STATEMENT
Series statement Inside Housing
Volume/sequential designation 23 August 2002, 3(1)
520 ## - SUMMARY, ETC.
Summary, etc. Research carried out by the universities of Birmingham and Bristol for the ODPM has forced government to rule out major changes to rent restructuring. The research examined the impact of rent restructuring on registered social landlords (RSLs) and tenants and found that the regime could result in divergence in London and the south east. "Modelling the impact of rent restructuring: a case study analysis" available at www.housing.odpm.gov.uk/hrs/hrs164/index.htm
590 ## - LOCAL NOTE (RLIN)
Local note WB
650 ## - SUBJECT ADDED ENTRY--TOPICAL TERM
Topical term or geographic name entry element RENT RESTRUCTURING
650 ## - SUBJECT ADDED ENTRY--TOPICAL TERM
Topical term or geographic name entry element REGISTERED SOCIAL LANDLORDS
650 ## - SUBJECT ADDED ENTRY--TOPICAL TERM
Topical term or geographic name entry element SOCIAL HOUSING
650 ## - SUBJECT ADDED ENTRY--TOPICAL TERM
Topical term or geographic name entry element RSLS
690 ## - LOCAL SUBJECT ADDED ENTRY--TOPICAL TERM (OCLC, RLIN)
Topical term or geographic name as entry element Affordable housing
9 (RLIN) 6215
942 ## - ADDED ENTRY ELEMENTS (KOHA)
Suppress in OPAC 0
Holdings
Withdrawn status Lost status Source of classification or shelving scheme Damaged status Not for loan Home library Current library Shelving location Date acquired Total Checkouts Full call number Barcode Date last seen Copy number Price effective from Koha item type
    Dewey Decimal Classification     London London News article 28/08/2002   WB3831-26 119446-1001 06/08/2019 1 06/08/2019 News article